Svobodný řád : úvod do umění si vládnout / Luděk Rychetník
Příčiny nízké úrovně politiky v ČR spolu s návrhy na její zlepšení: výčet předpokladů smysluplného politického procesu.
Společnost nemůže existovat bez společenské kooperace, řádu. Míra úspěchu její organizace určuje míru prosperity společnosti. Organizace společenské kooperace a způsob, jakým společnost strukturuje vztahy mezi vrstvami, spolu úzce souvisí a vzájemně se podmiňují. Pravidelně se opakující historické kolapsy českého (československého) státu ve 20. století, jeho nestabilita a "nesamozřejmost" mají svou vnitřní příčinu - mezeru v českém politickém myšlení, v politické kultuře. "Dilema společnosti" je v tom, jak žít v řádu a zároveň ve svobodě. Princip dlouhodobě životaschopné demokracie je v ustavení a udržování svobodného řádu: rovnost, férovost, spravedlnost pravidel je zcela základní pro vztah lidí ke společnosti a její stabilitu. Nejvýraznějším rysem české společenské a politické kultury je neukázněnost, malá úcta k řádu, sklon k chaosu, ke zvůli až k nepoctivosti. Cesta k nápravě pro ty, kteří přijímají určitou odpovědnost za svůj stát, je cestou rozvoje vlastní osobnosti.
Record details
- ISBN: 978-80-7429-246-0 (brož.) :
- Physical Description: 127 s. : il. ; 20 cm
- Edition: Vyd. 1.
- Publisher: Praha : Vyšehrad, 2012
Content descriptions
| Bibliography, etc. Note: | Obsahuje bibliografii, bibliografické odkazy a rejstřík |
Search for related items by subject
| Genre: | úvahy essays |
Available copies
- 1 of 1 copy available at Common Catalog SPOK.
Holds
- 0 current holds with 1 total copy.
Show Only Available Copies
| Location | Call Number / Copy Notes | Barcode | Shelving Location | Status | Due Date |
|---|---|---|---|---|---|
| Jabok Library | Soc-5.3 | 424480035382 | Odborná literatura | Available | - |
| LDR | 04914nam a2201069 a 4500 | ||
|---|---|---|---|
| 001 | 18716 | ||
| 003 | CZ-PrJAB | ||
| 005 | 20220328100829.0 | ||
| 007 | ta | ||
| 008 | 120316s2012 xr a e 001 0 cze | ||
| 015 | . | ‡acnb002348157 | |
| 020 | . | ‡a978-80-7429-246-0 (brož.) : ‡cKč 198,00 | |
| 035 | . | ‡a(CZ PrSKC)nkc20122348157 | |
| 035 | . | ‡a(OCoLC)794208306 | |
| 040 | . | ‡aABA001 ‡bcze | |
| 043 | . | ‡ae-xr--- | |
| 045 | . | ‡ay0y1 | |
| 072 | 7. | ‡a321 ‡xPolitologie ‡2Konspekt ‡915 | |
| 080 | . | ‡a321.01-021.471 ‡2MRF | |
| 080 | . | ‡a321.7+342.34 ‡2MRF | |
| 080 | . | ‡a323.21 ‡2MRF | |
| 080 | . | ‡a32:3.086 ‡2MRF | |
| 080 | . | ‡a321.01-025.16 ‡2MRF | |
| 080 | . | ‡a323.212:172.1 ‡2MRF | |
| 080 | . | ‡a323 ‡2MRF | |
| 080 | . | ‡a(437.3) ‡2MRF | |
| 080 | . | ‡a(0:82-4) ‡2MRF | |
| 100 | 1 | . | ‡aRychetník, Luděk, ‡d1933- ‡7jk01103299 ‡4aut |
| 245 | 1 | 0. | ‡aSvobodný řád : ‡búvod do umění si vládnout / ‡cLuděk Rychetník |
| 250 | . | ‡aVyd. 1. | |
| 260 | . | ‡aPraha : ‡bVyšehrad, ‡c2012 | |
| 300 | . | ‡a127 s. : ‡bil. ; ‡c20 cm | |
| 504 | . | ‡aObsahuje bibliografii, bibliografické odkazy a rejstřík | |
| 520 | . | ‡aPříčiny nízké úrovně politiky v ČR spolu s návrhy na její zlepšení: výčet předpokladů smysluplného politického procesu. | |
| 520 | . | ‡aSpolečnost nemůže existovat bez společenské kooperace, řádu. Míra úspěchu její organizace určuje míru prosperity společnosti. Organizace společenské kooperace a způsob, jakým společnost strukturuje vztahy mezi vrstvami, spolu úzce souvisí a vzájemně se podmiňují. Pravidelně se opakující historické kolapsy českého (československého) státu ve 20. století, jeho nestabilita a "nesamozřejmost" mají svou vnitřní příčinu - mezeru v českém politickém myšlení, v politické kultuře. "Dilema společnosti" je v tom, jak žít v řádu a zároveň ve svobodě. Princip dlouhodobě životaschopné demokracie je v ustavení a udržování svobodného řádu: rovnost, férovost, spravedlnost pravidel je zcela základní pro vztah lidí ke společnosti a její stabilitu. Nejvýraznějším rysem české společenské a politické kultury je neukázněnost, malá úcta k řádu, sklon k chaosu, ke zvůli až k nepoctivosti. Cesta k nápravě pro ty, kteří přijímají určitou odpovědnost za svůj stát, je cestou rozvoje vlastní osobnosti. | |
| 648 | 7. | ‡a2001-2020 ‡7ch460601 ‡2czenas | |
| 648 | 4. | ‡a2001-2012 | |
| 650 | 0 | 7. | ‡avládnutí ‡7ph683974 ‡2czenas |
| 650 | 0 | 7. | ‡ademokracie ‡7ph117182 ‡2czenas |
| 650 | 0 | 7. | ‡apolitická kultura ‡7ph115787 ‡2czenas |
| 650 | 0 | 7. | ‡apolitická odpovědnost ‡7ph210130 ‡2czenas |
| 650 | 0 | 7. | ‡apolitická stabilita ‡7ph297033 ‡2czenas |
| 650 | 0 | 7. | ‡aobčanská angažovanost ‡7ph135605 ‡2czenas |
| 650 | 0 | 9. | ‡agovernance ‡2eczenas |
| 650 | 0 | 9. | ‡ademocracy ‡2eczenas |
| 650 | 0 | 9. | ‡apolitical culture ‡2eczenas |
| 650 | 0 | 9. | ‡apolitical responsibility ‡2eczenas |
| 650 | 0 | 9. | ‡apolitical stability ‡2eczenas |
| 650 | 0 | 9. | ‡acommunity involvement ‡2eczenas |
| 651 | 7. | ‡aČesko ‡7ge128065 ‡xspolečnost a politika ‡y2001-2020 ‡2czenas | |
| 651 | 9. | ‡aCzechia ‡xsociety and politics ‡y2001-2020 ‡2eczenas | |
| 655 | 7. | ‡aúvahy ‡7fd134000 ‡2czenas | |
| 655 | 9. | ‡aessays ‡2eczenas | |
| 910 | . | ‡aABG312 | |
| 901 | . | ‡a18716 ‡b ‡c18716 ‡tbiblio | |